| 000 | 00598nam a22002417a 4500 | ||
|---|---|---|---|
| 003 | OSt | ||
| 005 | 20180116183002.0 | ||
| 008 | 150306b xxu||||| |||| 00| 0 eng d | ||
| 020 | _a9788131755310 | ||
| 022 | _a9788131755310 | ||
| 040 | _c0 | ||
| 050 | _a658.802 | ||
| 082 | _a658.802 | ||
| 100 | _aKerin,Roger A. | ||
| 245 |
_aStrategic Marketing Problems. _bCases and Comments. _cRoger A.Kerin |
||
| 250 | _a12th. | ||
| 260 |
_aIndia _bPearson _c2011 |
||
| 300 | _a708p. | ||
| 500 | _aPaper Cover | ||
| 600 | _aKerin,Roger A. | ||
| 700 | _aKerin,Roger A. | ||
| 942 |
_2ddc _cBK _k658.802 |
||
| 999 |
_c349897 _d349897 |
||